Top 20 non-international PL scorers - Statistics

General Stats
  • This quiz has been taken 5 times
  • The average score is 4 of 20
Answer Stats
Goals Answer % Correct
63 Dean Holdswoth
100%
71 Chris Armstrong
50%
83 Kevin Campbell
50%
69 Kevin Nolan
50%
57 Lee Bowyer
50%
50 Mark Bright
50%
33 Ashley Ward
0%
35 Benito Carbone
0%
33 Cameron Jerome
0%
38 Darren Huckerby
0%
38 Dean Sturridge
0%
45 Graham Stuart
0%
33 Ian Marshall
0%
42 Julian Joachim
0%
40 Marcus Bent
0%
33 Mark Noble
0%
40 Matthew Taylor
0%
44 Noel Whelan
0%
45 Rod Wallace
0%
39 Steed Malbranque
0%
No matching quizzes found
Score Distribution
Percent of People with Each Score
Percentile by Number Answered
Your Score History
You have not taken this quiz